| 000 | 01920nam a2200409Ii 4500 | ||
|---|---|---|---|
| 001 | DIGIDPC0055 | ||
| 003 | NyNyDIG | ||
| 008 | 231018s2008 ck ab ob 000 0 spa d | ||
| 006 | m o d | ||
| 007 | cr ||||||||||| | ||
| 020 | _z9789584426529 | ||
| 035 | _a(OCoLC)1409625576 | ||
| 040 |
_aDGITA _beng _erda _epn _cDGITA |
||
| 043 | _as-ck--- | ||
| 050 | 1 | 4 | _aNB377.B6 ebook |
| 245 | 0 | 0 |
_aBogotá, un museo a cielo abierto : _bguía de esculturas y monumentos conmemorativos en el espacio público. _nvol. I / _cinvestigación histórica y recopilación de imágenes históricas, María Clara Torres, Hugo Delgadillo. |
| 264 | 1 |
_a[Bogotá, Colombia] : _bAlcaldía Mayor de Bogotá, Cultura, Recreación y Deporte : _bInstituto Distrital de Patrimonio Cultural, _c[2008] |
|
| 300 |
_a1 online resource : _billustrations, maps. |
||
| 336 |
_atext _btxt _2rdacontent |
||
| 337 |
_acomputer _bc _2rdamedia |
||
| 338 |
_aonline resource _bcr _2rdacarrier |
||
| 347 |
_atext file _2rdaft |
||
| 347 | _bPDF | ||
| 504 | _aIncludes bibliographical references. | ||
| 650 | 0 |
_aOutdoor sculpture _zColombia _zBogotá _vGuidebooks. |
|
| 650 | 0 |
_aPublic sculpture, Colombian _zColombia _zBogotá _vGuidebooks. |
|
| 650 | 0 |
_aMonuments _zColombia _zBogotá _vGuidebooks. |
|
| 651 | 0 |
_aBogotá (Colombia) _xBuildings, structures, etc. _vGuidebooks. |
|
| 700 | 1 |
_aTorres, María Clara, _eeditor. |
|
| 700 | 1 |
_aDelgadillo, Hugo, _eeditor. |
|
| 791 | 2 |
_aDigitalia (Firm), _edistributor. |
|
| 793 | 0 |
_gDigitalia eBook Collection: _aInstituto Distrital de Patrimonio Cultural |
|
| 776 | 0 | 8 |
_iPrint version: _tBogotá, un museo a cielo abierto. _d[Bogotá, Colombia] : Alcaldía Mayor de Bogotá, Cultura, Recreación y Deporte : Instituto Distrital de Patrimonio Cultural, 2008 _z9789584426529 |
| 856 | 4 | 0 |
_3Digitalia Hispánica _uhttps://www.digitaliapublishing.com/a/129658/ |
| 910 | _aPremium collection: 2023 | ||
| 942 | _cRAA | ||
| 999 |
_c280467 _d280467 |
||